|
|
|
|
| LEADER |
01054nam a22002177a 4500 |
| 001 |
43637 |
| 003 |
BD-DhAAL |
| 005 |
20250814203739.0 |
| 008 |
241107b1995 bg a|||| |||| 001 0 eng d |
| 040 |
|
|
|a BD-DhAAL
|c BD-DhAAL
|
| 082 |
|
|
|a 338.95492
|2 21
|
| 245 |
|
|
|a Portfolio of aid worthy projects,
|f 1995 /
|c Planning Commission, Programing division, Ministry of Planning, Govt. of the People's Republic of Bangladesh.
|
| 260 |
|
|
|a Dhaka :
|b Bangladesh Bureau of Statistics,
|c 1995.
|
| 300 |
|
|
|a 249 pages :
|b illustrations ;
|c 28 cm.
|
| 541 |
|
|
|a Savar Campus Library
|e 43637
|
| 651 |
|
|
|a Bangladesh
|x Economic policy.
|
| 651 |
|
|
|a Bangladesh
|x Social policy.
|
| 710 |
|
|
|a Planning Commission.
|b Programming Division.
|b Ministry of Planning, Government of the People's Republic of Bangladesh.
|9 57138
|
| 942 |
|
|
|2 ddc
|c BK
|
| 999 |
|
|
|c 47100
|d 47100
|
| 952 |
|
|
|0 0
|1 0
|2 ddc
|4 0
|6 338_954920000000000_POR
|7 0
|9 76888
|a SCL
|b SCL
|c GEN
|d 2024-11-07
|e Savar Campus Library
|l 0
|o 338.95492 POR
|p 3020043637
|r 2024-11-07
|t 1
|w 2024-11-07
|y BK
|x Price not available in register. Savar Campus Library
|